1241 1829 1124 1198 1608 1897 1821 1678 1797 1131 1891 1479 1953 1426 1429 1628 1111 1939 1570 1062 1655 1333 1826 1326 1500 1293 1170 1543 1330 1445 1598 1429 1529 1946 1505 1276 1968 1634 1620 1415 1418 1511 1479 1711 1022 1568 1229 1329 1364 1857 1284 1028 1742 1045 1623 1482 1167 1630 1046 1456 1498 1688 1020 1485 1292 1254 1475 1829 1946 1580 1333 1610 1054 1146 1581 1169 1626 1805 1876 1031 1632 1745 1568 1324 1446 1081 1966 1279 1932 1121 1028 1591 1149 1300 1686 1192 1618 1425 1509 BCNSPRNW ULIB Ver.6.0+V

เปลี่ยนเป็นภาษาไทย

Change to English
 แสดงรายละเอียดบรรณานุกรม
  กลับหน้าหลัก

Brief Record : Get Marc (ISO 2709) : E-mail record : QR code < ปิดหน้าต่าง
LEADER : 00000nam 2200000uu 4500
001    13399122629
003     ULIB
008    130820s2553||||th 000 0 tha d
020    ^a9789746724487
060  4 ^aWH155^bส628ภ
100 0  ^aสาคร พรประเสริฐ
245 10 ^aภาวะโลหิตจางและการตรวจวินิจฉัยทางห้องปฏิบัติการ /^cสาคร พรประเสริฐ
250    ^aพิมพ์ครั้งที่ 2
260    ^aกรุงเทพฯ :^bดาราวรรณการพิมพ์,^c2553
300    ^a126 หน้า :^bภาพประกอบ
650  7 ^aเลือดจาง^xการวินิจฉัยโรค
650  7 ^aเลือดจาง^xการวินิจฉัยโรคทางห้องปฏิบัติการ
945    ^p145^l0^i20078
945    ^p145^l0^i20079
945    ^p145^l0^i20080
945    ^p145^l0^i20081
999    ^aกัณชพร
รายการนี้ยังไม่มีแท็ก
คุณยังไม่ได้ล็อกอิน คุณสามารถมีกิจกรรมร่วมกับเว็บไซต์ได้ แต่ต้องล็อกอินก่อน ::
  ล็อกอิน

รายการสื่อสารสนเทศ

ลำดับที่ ประเภท เลขเรียก/บาร์โค้ด สถานที่ สถานะ
1. วิทยาศาสตร์การแพทย์ และสุขภาพ
วิทยาศาสตร์การแพทย์ และสุขภาพ
สถานะ=หนังสือเก่า
WH155 ส628ภ ฉ.1 
  Barcode: 20078
ห้องสมุดวิทยาเขตนครสวรรค์
►ส่วนจัดเก็บหนังสือเก่า นว.
บนชั้น
  ขอยืม
2. วิทยาศาสตร์การแพทย์ และสุขภาพ
วิทยาศาสตร์การแพทย์ และสุขภาพ
สถานะ=หนังสือเก่า
WH155 ส628ภ ฉ.2 
  Barcode: 20079
ห้องสมุดวิทยาเขตนครสวรรค์
►ส่วนจัดเก็บหนังสือเก่า นว.
บนชั้น
  ขอยืม
3. วิทยาศาสตร์การแพทย์ และสุขภาพ
วิทยาศาสตร์การแพทย์ และสุขภาพ
สถานะ=หนังสือเก่า
WH155 ส628ภ ฉ.3 
  Barcode: 20080
ห้องสมุดวิทยาเขตนครสวรรค์
►ส่วนจัดเก็บหนังสือเก่า นว.
บนชั้น
  ขอยืม
4. วิทยาศาสตร์การแพทย์ และสุขภาพ
วิทยาศาสตร์การแพทย์ และสุขภาพ
สถานะ=หนังสือเก่า
WH155 ส628ภ ฉ.4 
  Barcode: 20081
ห้องสมุดวิทยาเขตนครสวรรค์
►ส่วนจัดเก็บหนังสือเก่า นว.
บนชั้น
  ขอยืม

รายการใกล้เคียง
    ผู้แต่ง [สาคร พรประเสริฐ]

BibComment


ยังไม่เคยถูกคอมเมนท์

คอมเมนท์ทรัพยากรรายการนี้
  คอมเมนท์: ภาวะโลหิตจางและก..


 Copyright 2026. Bcnsprnw @Library